A ruhagyári pártszervezet az üzem "lelkiismerete"

Elmentve itt :
Bibliográfiai részletek
Szerző: Nagy Pál
Dokumentumtípus: Cikk
Megjelent: 1962-08-16
Sorozat:Délmagyarország 52 No. 191
Kulcsszavak:Gazdaság gyáripar termelés, Gyáripar beszámoló tervezés, ruhaipar
Online Access:http://dmarchiv.bibl.u-szeged.hu/67177
LEADER 00520nab a2200157 i 4500
001 delm67177
005 20180927153805.0
008 180927s1962 hu o 0|| hun d
040 |a SZTE Délmagyarország Archívum  |b hun 
041 |a hun 
100 1 |a Nagy Pál 
245 1 2 |a A ruhagyári pártszervezet az üzem "lelkiismerete"  |h [elektronikus dokumentum] /  |c  Nagy Pál 
260 |c 1962-08-16 
300 |a 3 
490 0 |a Délmagyarország  |v 52 No. 191 
695 |a Gazdaság gyáripar termelés, Gyáripar beszámoló tervezés, ruhaipar